01470nam a2200265 a 4500001001000000003000900010005001700019007000300036008003700039020001800076040003300094082003100127100003300158245010600191264006000297300005200357336002700409337003300436338002800469490002000497500007400517505050700591610007101098700003501169000046135DO-SdBPM20250915132616.0ta150625s2011 dr ac 000 0 spa d a9789945074338 aDO-SdBPMbspacBPMSUerdad  4aR027.7293 bF316a 20112221 aFeliz Lafontaine, Anaeautor10aArchivo General de la Nación :bguía breve /ctexto Ana Feliz Lafontaine, Raymundo González.h  aSanto Domingo :bArchivo General de la Nación,c2011. a97 páginas :bilustraciones retrs. ;c22 cm. atextobtxt2rdacontent asin mediaciónbn2rdamedia avolumenbnc2rdacarrier0 aReferencias,v1 aIncluye referencias bibliográficas y notas al pie de las páginas.0 aEl Archivo. -- Breve historia archivística, 11.-- Marco social de creación del AGN, 29.-- Servicios, 34.-- Fondos documentales. -- Grupo de fondos de origen público, 41.-- Fondos de origen privado, 45.-- Colecciones, 45.-- Cuadro de organización y clasificación, 49.-- Fondos de origen público, 53.-- Fondos de origen privado, 57.-- Fondos fototeca, mapoteca y audiovisuales, 58.-- Anexo. Relación de los instrumentos de referencia correspondientes a los fondos existentes en el AGN, 71.27aArchivo General de la Nación zRepública Dominicana vGuías1 aGonzález. Raymundo eautor